000
00241nam a2200097Ia 4500
001
1208661
005
20250827022850.0
008
250824s9999 xx 000 0 und d
245
0
_a
PİRAN
_c
MUSTAFA ÖZDAMAR
260
_b
KIRKKANDİL YAYINEVİ
999
_c
1208661
_d
1208661